| 000 | 00317nam a2200109 4500 | ||
|---|---|---|---|
| 008 | 180208b xxu||||| |||| 00| 0 eng d | ||
| 245 | _aBallet Manila sends youngs dancers to Russian festival. | ||
| 260 |
_aPhilippines: _bThe Philippine Star, _cc2016. |
||
| 300 | _apage E4. | ||
| 650 | 0 |
_926277 _aDance. |
|
| 942 |
_2ddc _cPER |
||
| 999 |
_c8507 _d8507 |
||